KOHA-Header-6

Digital Computer Electronics (Record no. 5855)

000 -LEADER
fixed length control field 00328nam a2200133Ia 4500
020 ## - INTERNATIONAL STANDARD BOOK NUMBER
ISBN 13:978-0-07-462235-3
100 ## - MAIN ENTRY--AUTHOR NAME
Personal name Malvino.Brown
245 #0 - TITLE STATEMENT
Title Digital Computer Electronics
250 ## - EDITION STATEMENT
Edition statement 3rd
260 ## - PUBLICATION, DISTRIBUTION, ETC. (IMPRINT)
Place of publication New Delhi
Name of publisher Mc Graw Hill
Year of publication 2017
300 ## - PHYSICAL DESCRIPTION
Number of Pages 522
942 ## - ADDED ENTRY ELEMENTS (KOHA)
Koha item type Books
Holdings
Withdrawn status Lost status Collection code Permanent Location Current Location Shelving location Date acquired Full call number Accession Number Koha item type
    CSE MAJU MAJU Shelf No.A31 2019-09-15 621.38 9264 Computer System Engineering

Powered by Koha